Loading...
| History - Other History | 1 | 1 | 0 | 0 | 25 | 31 | 76.50 | 0 | 2 |
| Mythology | 0 | 2 | 0 | 0 | 20 | 74 | 96.00 | 1 | 2 |
| Religion | 0 | 2 | 0 | 0 | 20 | 93 | 117.50 | 1 | 2 |
| History - World History | 0 | 2 | 1 | 1 | 15 | 98 | 113.00 | 0 | 2 |
| History - European History | 0 | 2 | 1 | 0 | 15 | 100 | 102.50 | 0 | 2 |
| Social Science | 0 | 1 | 0 | 1 | 10 | 128 | 128.00 | 1 | 1 |
| History - American History | 0 | 1 | 0 | 1 | 10 | 126 | 126.00 | 1 | 1 |
| Other Academic | 0 | 1 | 0 | 0 | 10 | 111 | 111.00 | 0 | 1 |
| Science - Biology | 0 | 1 | 0 | 0 | 10 | 110 | 110.00 | 0 | 1 |
| Fine Arts - Other Fine Arts | 0 | 1 | 0 | 1 | 10 | 134 | 134.00 | 0 | 1 |
| Pop Culture | 0 | 0 | 1 | 0 | -5 | 0.00 | 0 | 0 | |
| Geography | 0 | 0 | 1 | 0 | -5 | 0.00 | 0 | 0 |